Statistics for NFL 2010s All-Decade Team

Click here to take the quiz!

General Stats

  • This quiz has been taken 335 times
  • The average score is 27 of 55

Answer Stats

PosPlayer% Correct
QBTom Brady
100%
QBAaron Rodgers
92%
OTJason Peters
83%
RBAdrian Peterson
82%
WRCalvin Johnson
82%
WRJulio Jones
82%
CBPatrick Peterson
82%
TERob Gronkowski
81%
LBChandler Jones
80%
TETravis Kelce
79%
WRAntonio Brown
75%
CoachBill Belichick
73%
SEarl Thomas
70%
OTJoe Thomas
70%
CBRichard Sherman
68%
DTAaron Donald
65%
DEJ.J. Watt
65%
KJustin Tucker
59%
WRLarry Fitzgerald
57%
RBMarshawn Lynch
57%
OTTyron Smith
56%
KRDevin Hester
54%
RBLeSean McCoy
52%
LBBobby Wagner
51%
LBVon Miller
49%
LBLuke Kuechly
48%
CAlex Mack
47%
CBDarrelle Revis
47%
LBKhalil Mack
47%
GZack Martin
47%
RBFrank Gore
46%
PRTyreek Hill
43%
CoachPete Carroll
40%
DTNdamukong Suh
37%
KRCordarrelle Patterson
36%
KStephen Gostkowski
33%
FLEXDarren Sproles
29%
PRDarren Sproles
29%
DTFletcher Cox
29%
LBPatrick Willis
28%
DBChris Harris Jr.
27%
DBTyrann Mathieu
27%
GMarshal Yanda
26%
CMaurkice Pouncey
26%
PJohnny Hekker
25%
SEric Berry
24%
DEJulius Peppers
24%
DTGeno Atkins
21%
DECalais Campbell
20%
DECameron Jordan
20%
PShane Lechler
20%
OTJoe Staley
19%
SEric Weddle
18%
GJahri Evans
13%
GLogan Mankins
8%

Score Distribution

Percentile by Number Answered

Percent of People with Each Score

Your Score History

You have not taken this quiz